Catálogo
 En Linea

Opera minora : Christophe Colomb. (Registro nro. 33121)

Detalles MARC
000 -CABECERA
campo de control de longitud fija 00234nam a2200097 a 4500
005 - FECHA Y HORA DE LA ÚLTIMA TRANSACCIÓN
campo de control 20200930070411.0
008 - DATOS DE LONGITUD FIJA--INFORMACIÓN GENERAL
campo de control de longitud fija 110902s1894 000 spa d
040 ## - FUENTE DE LA CATALOGACIÓN
Centro catalogador/agencia de origen DO-SdBNP
245 #0 - MENCIÓN DE TÍTULO
Título Opera minora : Christophe Colomb.
260 ## - PUBLICACIÓN, DISTRIBUCIÓN, ETC.
Fecha de publicación, distribución, etc. 1894.

No hay ítems disponibles.

Con tecnología Koha